000 00653nam a2200229Ia 4500
003 OSt
005 20221007063417.0
006 a|||||r|||| 00| 0
007 ta
008 221006b |||||||| |||| 00| 0 eng d
024 _a527
037 _cReference Collections
040 _aFLL
_cFLL
_beng
041 _2eng
_aeng
082 _aV73:27.N5, K5
100 _aJaffe Louis L.
_9152571
245 0 _aJudicial control of administrative action
260 _aBoston
_bLittle, Brown and Company Toronto
_c1965
300 _a704p
_ccm.
942 _hV73:27.N5, K5
_cREF
_2CC
999 _c1131194
_d1131194